L'encadrement du Parlement dans la fabrication de la loi pénale (notice n° 2210046)

détails MARC
000 -LEADER
fixed length control field 01525cam a2200169 4500500
005 - DATE AND TIME OF LATEST TRANSACTION
control field 20260412000451.0
041 ## - LANGUAGE CODE
Language code of text/sound track or separate title fre
042 ## - AUTHENTICATION CODE
Authentication code dc
100 10 - MAIN ENTRY--PERSONAL NAME
Personal name Lazerges, Christine
Relator term author
245 00 - TITLE STATEMENT
Title L'encadrement du Parlement dans la fabrication de la loi pénale
260 ## - PUBLICATION, DISTRIBUTION, ETC.
Date of publication, distribution, etc. 2014.<br/>
500 ## - GENERAL NOTE
General note 56
520 ## - SUMMARY, ETC.
Summary, etc. Séculaire et mutante, la justice pénale repose sur des fondements et poursuit des fins qui ne cessent d'être interrogés, modifiés et parfois rétablis. Les réformes pénales envisagées par l'actuel garde des Sceaux en attestent. Ces mutations permanentes ont totalement obscurci la rationalité qui anime la justice pénale. Cet article propose d'en éclairer certains rouages et de mettre en lumière le tournant que cette rationalité semble aujourd'hui amorcer.
520 ## - SUMMARY, ETC.
Summary, etc. Secular and mutant, the criminal justice bases on foundations and pursues purposes which do not stop being questioned, modified and anytimes restored. The penal reforms envisaged by the current minister of Justice gi ve evidence of it. These permanent transformations totally darkened the rationality which leads the criminal justice. This article suggests enlightening certain cogs and bringing to light the turning point this rationality seems today to prime.
786 0# - DATA SOURCE ENTRY
Note Revue de science criminelle et de droit pénal comparé | 3 | 3 | 2014-07-01 | p. 669-678 | 0035-1733
856 41 - ELECTRONIC LOCATION AND ACCESS
Uniform Resource Identifier <a href="https://droit.cairn.info/revue-de-science-criminelle-et-de-droit-penal-compare-2014-3-page-669?lang=fr&redirect-ssocas=7080">https://droit.cairn.info/revue-de-science-criminelle-et-de-droit-penal-compare-2014-3-page-669?lang=fr&redirect-ssocas=7080</a>

Pas d'exemplaire disponible.

PLUDOC

PLUDOC est la plateforme unique et centralisée de gestion des bibliothèques physiques et numériques de Guinée administré par le CEDUST. Elle est la plus grande base de données de ressources documentaires pour les Étudiants, Enseignants chercheurs et Chercheurs de Guinée.

Adresse

627 919 101/664 919 101

25 boulevard du commerce
Kaloum, Conakry, Guinée

Réseaux sociaux

Powered by Netsen Group @ 2025